LEADER 01085cam0 22002531 450 001 SOBE00035652 005 20130724084215.0 100 $a20130723d1927 |||||ita|0103 ba 101 $alat 102 $aIT 200 1 $aDivi Thomae Aquinatis ... Summae contra gentiles, libri quatuor$ead lectionem codicis autographi in bibliotheca Vaticana adservati probatissimorum codicum meliorisque notae editionum fideliter impressi$evolumen unicum 210 $aRomae$cEx Typographia Forzani et S.$d1927 215 $aVII, 722 p.$d22 cm 517 1 $aSummae contra gentiles, libri quatuor$9SOBE00035664 700 0$aTommaso : d'Aquino $3AF00004249$4070$0290144 801 0$aIT$bUNISOB$c20130724$gRICA 850 $aUNISOB 852 $aUNISOB$jFondo|Cosenza$m161027 912 $aSOBE00035652 940 $aM 102 Monografia moderna SBN 941 $aM 957 $aFondo|Cosenza$b000274$gSI$d161027$hCosenza$rdono$tN$1menle$2UNISOB$3UNISOB$420130723115245.0$520130723115311.0$6menle 996 $aDivi Thomae Aquinatis ... Summae contra gentiles, libri quatuor$91713526 997 $aUNISOB LEADER 01054cam2 22002891 450 001 SOBE00017192 005 20220510073747.0 100 $a20110831d1973 |||||ita|0103 ba 101 $ager 102 $aDE 200 1 $a<<11: >>[Januar 1855-April 1856]$fKarl Marx und Friedrich Engels 205 $a4. Auflage 210 $ABerlin$cDietz$d1973 215 $aXXVII, 771 p.$cill., c. geogr. ripieg.$d24 cm 300 $aIn testa al front.: Institut fur Marxismus-Leninismus beim ZK der SED 461 1$1001SOBE00017180$12001 $aWerke / Karl Marx und Friedrich Engels 700 1$aMarx$b, Karl$3AF00005784$4070$032587 701 1$aEngels, Friedrich$3AF00014607$4070$036926 801 0$aIT$bUNISOB$c20220510$gRICA 850 $aUNISOB 852 $aUNISOB$j100|Coll|41|K$m19950 912 $aSOBE00017192 940 $aM 102 Monografia moderna SBN 941 $aM 957 $a100|Coll|41|K$b000011$gSI$d19950$racquisto$1rovito$2UNISOB$3UNISOB$420110831073822.0$520220510073747.0$6Alfano 996 $aJanuar 1855-April 1856$9952641 997 $aUNISOB